|
|
|
|
| LEADER |
01525nam a2200313 a 4500 |
| 001 |
c000180174 |
| 003 |
CARM |
| 005 |
19990505000000.0 |
| 008 |
700330s1967 nl b i000 0 eng |
| 010 |
|
|
|a 75359232 //r923
|
| 015 |
|
|
|a Aus68-2
|
| 019 |
1 |
|
|a 284806
|5 LACONCORD2021
|
| 035 |
|
|
|a (OCoLC)40991
|5 LACONCORD2021
|
| 040 |
|
|
|a LC
|b eng
|c LC
|d XDHM
|
| 050 |
0 |
0 |
|a DU1
|b .S586 no. 156
|
| 082 |
0 |
0 |
|a 155.8/9/95
|
| 100 |
1 |
|
|a Burton-Bradley, B. G.
|q (Burton Gyrth),
|d 1914-
|
| 245 |
1 |
0 |
|a Some aspects of South Pacific ethnopsychiatry with special reference to Papua and New Guinea /
|c by B.G. Burton-Bradley.
|
| 260 |
|
|
|a Noumea :
|b South Pacific Commission,
|c 1967.
|
| 300 |
|
|
|a 38 p. ;
|c 26 cm.
|
| 490 |
1 |
|
|a Technical paper / South Pacific Commission ;
|v no. 156.
|
| 504 |
|
|
|a Includes bibliographical references.
|
| 505 |
0 |
|
|a The application of psychiatric principles in the developing country -- Cultural factors in personality development -- The traditional practitioner -- The marginal man examination -- transcultural dream data -- Papua and New Guinea transcultural psychiatry : some implications of betel chewing.
|
| 650 |
|
0 |
|a Mental health
|z Papua New Guinea.
|
| 650 |
|
0 |
|a Psychiatry, Transcultural.
|
| 830 |
|
0 |
|a Technical paper (South Pacific Commission) ;
|v no. 156.
|
| 852 |
8 |
|
|b CARM
|h A2:AR19E0
|i D07416
|p 0242239
|f BK
|
| 999 |
f |
f |
|i a12ea3dc-1780-5458-be71-1d4e10ce136a
|s a6319d51-f979-522e-9788-6b4d92ff6bd9
|
| 952 |
f |
f |
|p Can circulate
|a CAVAL
|b CAVAL
|c CAVAL
|d CARM 1 Store
|e D07416
|f A2:AR19E0
|h Other scheme
|i book
|m 0242239
|